| 000 | 00512nam a2200169 i 4500 | ||
|---|---|---|---|
| 001 | bg | ||
| 100 | 1 | _aFEINER, Jerzy | |
| 245 | 0 |
_aStosowanie metod światłoprzestrzennych we wnętrzach przeznaczonych do ekspozycji / _cJerzy Feiner. |
|
| 260 |
_aKraków, _c1975. |
||
| 490 | 1 |
_aZeszyt Naukowy / Politechnika Krakowska ; _vnr 3 |
|
| 830 | 0 |
_aZeszyt Naukowy (Politechnika Krakowska) ; _vnr 3 |
|
| 040 | _cBPK | ||
| 041 | _apol | ||
| 080 | _a628.97 | ||
| 942 | _cKS | ||
| 008 | s pl f |000 0 pol | ||
| 999 |
_c16315 _d16315 |
||
| 856 |
_uhttp://koha.tu.koszalin.pl/cgi-bin/koha/opac-detail.pl?biblionumber=16315 _yKatalog online BPK |
||